| 000 | 01259nas a2200277 a 4500 | ||
|---|---|---|---|
| 001 | 252639 | ||
| 005 | 20250611120015.0 | ||
| 007 | ta | ||
| 008 | 250501e2000 dr bn|p|r||||||0| | spa d | ||
| 040 |
_aDO-SdBNP _cDO-SdBNP _erda |
||
| 041 | _hspa | ||
| 110 |
_aRepública Dominicana. Asociación de Productores de Leche, (Aproleche) _987623 |
||
| 245 |
_aAproleche : revista / _cAsociación Dominicana de Productores de Leche, (Aproleche). |
||
| 264 |
_aSanto Domingo, República Dominicana : _bAsociación de Productores de Leche, (Aproleche), _c2000. |
||
| 300 |
_avolumen : _bilustraciones, fotografías ; _c28 cm. |
||
| 310 | _aBimestral. | ||
| 336 |
_atexto _btxt _2rdacontent |
||
| 337 |
_asin mediación _bn _2rdamedia |
||
| 338 |
_avolumen _bnc _2rdacarrier |
||
| 362 | _aVolumen 9, mayo-junio 2000. | ||
| 520 | _aLa Asociación de Productores de Leche (Aproleche) se concentra en abastecer, unir y apoyar a los productores de República Dominicano, impulsando la productividad de leche... | ||
| 650 |
_948220 _aAsociación de Productores de Leche _vPublicaciones periódicas _zRepública Dominicana |
||
| 650 |
_948221 _aLeche _vPublicaciones periódicas _zRepública Dominicana |
||
| 655 | 0 |
_aPublicaciones periódicas _987420 |
|
| 942 |
_2ddc _cISSUE |
||
| 999 |
_c58898 _d58898 |
||